00417nam a22001577a 450000500170000001000130001702000260003003700170005610000150007324500420008826000360013027000430016630000210020994200120023099900170024220150818144335.0 a1516EN07 a9781471148569c350.00 adplbUBH/Ven aRich, A.J. aThe hand that feeds you/cby A.J.Rich aLondonbSimon & Schuster c2015 a222 Gray's Inn RoadbLondon eWCIX 8HB a273p.c19cm(pbk) 2ddccEN c96154d96154